[Event "Open ch-SVK A"]
[Site "Banska Stiavnica SVK"]
[Date "2011.07.09"]
[Round "1"]
[White "Timoscenko,G"]
[Black "Zsinka,L"]
[Result "1/2-1/2"]
[WhiteElo "2502"]
[BlackElo "2298"]

1.d4 Nf6 2.c4 e6 3.Nc3 Bb4 4.Qc2 O-O 5.a3 Bxc3+ 6.Qxc3 b5 7.cxb5 c6 8.f3 cxb5
9.e4 a6 10.Bd3 Nc6 11.Ne2 Bb7 12.O-O Qb6 13.Kh1 Rac8 14.Qe1 e5 15.d5 Na5
16.Ng3 Nb3 17.Be3 Qd8 18.Rd1 d6 19.Nf5 Nh5 20.Rf2 g6 21.Ng3 Nf4 22.Bc2 Nc5
23.Qd2 Qf6 24.Ne2 Nxe2 25.Rxe2 Qe7 26.Bh6 Rfe8 27.Rc1 f6 28.Be3 Qf7 29.b4 Nd7
30.a4 Nb8 31.axb5 axb5 32.Bd3 Rxc1+ 33.Qxc1 Qd7 34.Rc2 Na6 35.Qa3 Ra8 36.Qb2 f5
37.Rc1 f4 38.Bg1 g5 39.Ra1 g4 40.fxg4 Qxg4 41.Be2 Qg6 42.Qb1 Kh8 43.Bxb5 Rg8
44.Bf1 Nc7 45.Qd3 Nxd5 46.exd5 Qxd3 47.Bxd3 Bxd5 48.Bf1 f3 49.g3 f2+ 50.Bg2 Bxg2+
51.Kxg2 fxg1=Q+ 52.Kxg1 Rb8 53.Ra6 d5 54.Ra5 Rxb4  1/2-1/2

[Event "Open ch-SVK A"]
[Site "Banska Stiavnica SVK"]
[Date "2011.07.10"]
[Round "2"]
[White "Medvegy,Z"]
[Black "Manik,M"]
[Result "1/2-1/2"]
[WhiteElo "2527"]
[BlackElo "2397"]

1.d4 Nf6 2.c4 e6 3.Nc3 Bb4 4.Qc2 O-O 5.e4 d5 6.e5 Ne4 7.Bd3 c5 8.Nf3 cxd4
9.Nxd4 Nd7 10.Bf4 Qh4 11.g3 Qh5 12.O-O Bxc3 13.bxc3 g5 14.cxd5 exd5 15.Bxe4 dxe4
16.e6 Nf6 17.Bd6 Re8 18.exf7+ Qxf7 19.f4 exf3 20.Nxf3 Qh5 21.Nd4 Ne4 22.Qb3+ Kg7
23.Qd5 Nxd6 24.Qxd6 Qg6 25.Qc7+ Kg8 26.Rf2 Bh3 27.Qxb7 Rab8 28.Qd5+ Kh8 29.Nf5  1/2-1/2

[Event "XXXIV Open"]
[Site "Barbera del Valles ESP"]
[Date "2011.07.10"]
[Round "7"]
[White "L'Ami,Alina"]
[Black "Hernandez Carmenates,Hold"]
[Result "1-0"]
[WhiteElo "2312"]
[BlackElo "2570"]

1.d4 Nf6 2.c4 e6 3.Nc3 Bb4 4.Qc2 O-O 5.e4 d6 6.Bd3 Nc6 7.Ne2 Ba5 8.a3 Bb6
9.e5 dxe5 10.Bg5 exd4 11.Ne4 Ba5+ 12.Kf1 h6 13.Nxf6+ gxf6 14.Bxh6 Re8 15.b4 f5
16.h4 Bxb4 17.axb4 Nxb4 18.Qd2 c5 19.Rh3 Kh7 20.Ra3 Rg8 21.Bb1 Bd7 22.Rag3 Qa5
23.Nf4 Nc6 24.Qd1 Rxg3 25.Rxg3 Rg8 26.Bg5  1-0

[Event "Karvina Open"]
[Site "Karvina CZE"]
[Date "2011.07.10"]
[Round "9.9"]
[White "Kociscak,J"]
[Black "Sobek,J"]
[Result "1-0"]
[WhiteElo "2327"]
[BlackElo "2276"]

1.d4 Nf6 2.c4 e6 3.Nc3 Bb4 4.Qc2 O-O 5.a3 Bxc3+ 6.Qxc3 d6 7.f3 c5 8.dxc5 dxc5
9.Bg5 Nc6 10.e3 e5 11.Bd3 Re8 12.Ne2 h6 13.Bh4 Be6 14.O-O e4 15.fxe4 Nxe4
16.Bxe4 Qxh4 17.Nf4 Qg5 18.Bxc6 bxc6 19.Rf3 f6 20.Rg3 Qe5 21.Qxe5 fxe5 22.Nxe6 Rxe6
23.Rd1 Re7 24.Rg6 Rb8 25.Rd2 Rb6 26.h4 Reb7 27.Rf2 Rxb2 28.Rxc6 Rb1+ 29.Kh2 Re1
30.h5 Rxe3 31.Rc8+ Kh7 32.Rff8 g5 33.Rh8+ Kg7 34.Rcg8+ Kf7 35.Rg6 Rb6 36.Rh7+ Kf8
37.Rhxh6 Re4 38.Rh8+ Kf7 39.Rh7+ Kf8 40.Rxg5  1-0

[Event "19th Klatovy Open"]
[Site "Klatovy CZE"]
[Date "2011.07.10"]
[Round "9"]
[White "Neuman,P"]
[Black "Kozak,Mi"]
[Result "1/2-1/2"]
[WhiteElo "2454"]
[BlackElo "2232"]

1.d4 Nf6 2.c4 e6 3.Nc3 Bb4 4.Qc2 O-O 5.a3 Bxc3+ 6.Qxc3 d5 7.Bg5 dxc4 8.Qxc4 b6
9.Nf3 Ba6 10.Qc2 Nbd7 11.Rd1 Qc8 12.Bxf6 Nxf6 13.e4 Bxf1 14.Rxf1 Qb7 15.e5 Ne4
16.Ke2 c5 17.Rfe1 Qa6+ 18.Qd3 Qxd3+ 19.Rxd3 cxd4 20.Rxd4 Nc5 21.b4 Na4 22.Rc1 a5
23.Ng5 h6 24.Ne4 axb4 25.axb4 Rfc8 26.Rdc4 Rxc4 27.Rxc4 b5 28.Rc6 Rb8 29.Ke3 Nb6
30.Kd4 Nd5 31.Kc5 Ra8 32.f3  1/2-1/2

[Event "86th ch-Paris IdF"]
[Site "Paris FRA"]
[Date "2011.07.10"]
[Round "9.8"]
[White "Battaglini,G"]
[Black "Shchekachev,A"]
[Result "1-0"]
[WhiteElo "2407"]
[BlackElo "2537"]

1.d4 Nf6 2.c4 e6 3.Nc3 Bb4 4.Qc2 O-O 5.e4 d5 6.e5 Ne4 7.Bd3 c5 8.a3 Bxc3+
9.bxc3 Qa5 10.Ne2 cxd4 11.cxd5 exd5 12.f3 Nxc3 13.Nxd4 Nb5+ 14.Bd2 Nxd4 15.Bxh7+ Kh8
16.Bxa5 Nxc2+ 17.Bxc2 Nc6 18.Bc7 Re8 19.O-O Be6 20.Bd3 Rac8 21.Bd6 Nd4 22.Rac1 Nf5
23.Bc5  1-0

[Event "Lev Polugaevsky Mem"]
[Site "Samara RUS"]
[Date "2011.07.10"]
[Round "6"]
[White "Dimukhametov,A"]
[Black "Zhurikhin,A"]
[Result "1-0"]
[WhiteElo "2320"]
[BlackElo "2223"]

1.d4 Nf6 2.c4 e6 3.Nc3 Bb4 4.Qc2 O-O 5.a3 Bxc3+ 6.Qxc3 d5 7.Nf3 dxc4 8.Qxc4 b6
9.Bg5 Ba6 10.Qa4 c5 11.dxc5 bxc5 12.Qc2 h6 13.Rd1 Qa5+ 14.Qd2 Qxd2+ 15.Bxd2 Nc6
16.Bf4 Rfd8 17.e3 Bxf1 18.Rxf1 g5 19.Bc7 Rdc8 20.Bg3 Ne4 21.Ke2 c4 22.Nd2 Nxg3+
23.hxg3 Ne5 24.f4 Nd3 25.Nxc4 Nxf4+ 26.gxf4 Rxc4 27.fxg5 hxg5 28.Rd7 f5 29.Kd3 Rcc8
30.Rh1 Rd8 31.Rh7 Rxd7+ 32.Rxd7 Rb8 33.b4 a5 34.bxa5 Ra8 35.Kc4 Rxa5 36.Kb4 Ra8
37.a4 Kf8 38.a5 e5 39.Rh7 Rb8+ 40.Kc5 Rb2 41.a6 Rxg2 42.a7 Ra2 43.Kd5 Ra5+
44.Ke6  1-0

[Event "Nana Aleksandria Cup"]
[Site "Poti GEO"]
[Date "2011.07.11"]
[Round "1"]
[White "Nemsadze,Levan"]
[Black "Gelazonia,P"]
[Result "0-1"]
[WhiteElo "1653"]
[BlackElo "2307"]

1.d4 Nf6 2.c4 e6 3.Nc3 Bb4 4.Qc2 O-O 5.e3 c5 6.Nf3 b6 7.Bd2 Bb7 8.Nb5 Bxd2+
9.Nxd2 cxd4 10.Nxd4 Nc6 11.N2f3 Rc8 12.Qd1 Qe7 13.a3 Rfd8 14.Bd3 Nxd4 15.exd4 e5
16.dxe5 d6 17.O-O dxe5 18.Qe2 Bxf3 19.gxf3 Nh5 20.Qe4 Rxd3 21.Qg4 Nf4 22.Qxc8+ Rd8
23.Qg4 h5 24.Qf5 g6  0-1

[Event "Nana Aleksandria Cup"]
[Site "Poti GEO"]
[Date "2011.07.11"]
[Round "1"]
[White "Purtseladze,M"]
[Black "Kakutia,A"]
[Result "1-0"]
[WhiteElo "2364"]
[BlackElo "1807"]

1.d4 Nf6 2.c4 e6 3.Nc3 Bb4 4.Qc2 O-O 5.a3 Bxc3+ 6.Qxc3 d5 7.Bg5 Nbd7 8.cxd5 exd5
9.e3 c6 10.Bd3 Qb6 11.Qc2 h6 12.Bh4 Re8 13.Ne2 a5 14.O-O Ne4 15.f3 Nd6 16.Bf2 f5
17.Bg3 c5 18.Nc3 Qc6 19.Bxd6 Qxd6 20.Nxd5 Kh8 21.e4 b6 22.Bb5 Bb7 23.Bxd7 Qxd7
24.Nxb6 Qxd4+ 25.Kh1 fxe4 26.Nxa8 exf3 27.gxf3 Bxa8 28.Rad1 Qf4 29.Qf2 Rf8
30.Rd3 Qf5 31.Rc3 Qh3 32.Qg2 Qf5 33.Qg3 Bb7 34.Kg1 Ba6 35.Re1 Rd8 36.Qg4 Qf8
37.Rce3 Bc8 38.Qg6 Bf5 39.Qc6 Bd7 40.Qc7 Kh7 41.Rd1 Qf6 42.Rxd7 Qg5+ 43.Kf2 Qh4+
44.Ke2 Qc4+ 45.Kd2  1-0

[Event "Oberwart Open"]
[Site "Oberwart AUT"]
[Date "2011.07.12"]
[Round "4"]
[White "Handler,L"]
[Black "Videki,S"]
[Result "1/2-1/2"]
[WhiteElo "2301"]
[BlackElo "2460"]

1.d4 Nf6 2.c4 e6 3.Nc3 Bb4 4.Qc2 O-O 5.a3 Bxc3+ 6.Qxc3 b6 7.Bg5 Bb7 8.f3 d6
9.e3 Nbd7 10.Bd3 c5 11.dxc5 bxc5 12.Ne2 h6 13.Bh4 Qb6 14.O-O Rfc8  1/2-1/2

[Event "Oberwart Open"]
[Site "Oberwart AUT"]
[Date "2011.07.13"]
[Round "5"]
[White "Wiedermann,D"]
[Black "Smideliusz,M"]
[Result "1-0"]
[WhiteElo "2209"]
[BlackElo "2044"]

1.d4 Nf6 2.c4 e6 3.Nc3 Bb4 4.Qc2 O-O 5.e4 d5 6.e5 Ne4 7.a3 Bxc3+ 8.bxc3 c5
9.Bd3 cxd4 10.cxd4 f5 11.Ne2 Qa5+ 12.Kf1 Nc6 13.f3 Nb4 14.axb4 Qxa1 15.Qb1 Qxb1
16.Bxb1 a5 17.b5 Bd7 18.fxe4 fxe4+ 19.Ke1 Rac8 20.Ba2 dxc4 21.Nc3 Rc7 22.Ba3 Rf4
23.Rf1 Rxf1+ 24.Kxf1 b6 25.Bb1 Kf7 26.Bxe4 h6 27.Bd6 Rc8 28.Ke2 g6 29.Bb7 Rh8
30.Kd2 g5 31.Bc6 Bxc6 32.bxc6 Ra8 33.c7 a4 34.Nxa4  1-0

[Event "St Pauli Open"]
[Site "Hamburg GER"]
[Date "2011.07.14"]
[Round "7.3"]
[White "Svane,R"]
[Black "Zacharias,C"]
[Result "1/2-1/2"]
[WhiteElo "2346"]
[BlackElo "2256"]

1.d4 Nf6 2.c4 e6 3.Nc3 Bb4 4.Qc2 O-O 5.a3 Bxc3+ 6.Qxc3 b6 7.Bg5 Bb7 8.Nf3 d6
9.Nd2 Nbd7 10.f3 h6 11.Bh4 Rc8 12.e3 e5 13.Bd3 exd4 14.Qxd4 Qe7 15.Bf5 c5
16.Qc3 Rcd8 17.e4 g5 18.Bg3 d5 19.cxd5 Nxd5 20.Qb3 Ne5 21.Bxe5 Qxe5 22.Nc4 Qf6
23.O-O-O Nf4 24.Qc2 Ba6 25.g3 Ne6 26.e5  1/2-1/2

[Event "111th ch-SUI"]
[Site "Leukerbad SUI"]
[Date "2011.07.14"]
[Round "8"]
[White "Wuethrich,L"]
[Black "Riff,V"]
[Result "1/2-1/2"]
[WhiteElo "2136"]
[BlackElo "2354"]

1.d4 Nf6 2.c4 e6 3.Nc3 Bb4 4.Qc2 O-O 5.a3 Bxc3+ 6.Qxc3 d5 7.Bg5 c5 8.cxd5 exd5
9.Nf3 c4 10.Ne5 Be6 11.g3 Nc6 12.Bg2 Qa5 13.Bxf6 gxf6 14.Nxc6 Qxc3+ 15.bxc3 bxc6
16.e4 Rab8 17.Ra2 Bh3 18.O-O Bxg2 19.Kxg2 dxe4 20.Re1 Rfe8 21.g4 Kg7 22.Kg3 e3
23.Rxe3 Rxe3+ 24.fxe3 Rb3 25.Rc2 Rxa3 26.Kf4 Kf8 27.e4 Ra5 28.Rb2 Ra3 29.Rb8+ Ke7
30.Rb7+ Ke6 31.Rc7 Ra6 32.h3 h6 33.h4 Rb6 34.Rxa7 Rb3 35.Rc7 Rxc3 36.Rxc6+ Ke7
37.e5 fxe5+ 38.dxe5 Rc1 39.Rxh6 c3 40.Rc6 c2 41.Kg5 Kf8 42.h5 Kg7 43.Rc7 Re1
44.Rxc2 Rxe5+ 45.Kf4 Ra5 46.Re2 Rb5 47.Re4 Ra5 48.Re5 Ra6 49.Kf5 Rf6+ 50.Ke4 Rf1
51.Rg5+ Kh6 52.Rf5 Re1+ 53.Kf4 Rg1 54.Rf6+ Kg7 55.Ra6 Rf1+ 56.Kg5 Rf2 57.Kh4 Rf1
58.h6+ Kh7 59.g5 f6 60.Ra7+ Kg6  1/2-1/2

[Event "Myrhorod Open A"]
[Site "Myrhorod UKR"]
[Date "2011.07.14"]
[Round "9.5"]
[White "Grinev,V"]
[Black "Bilokha,S"]
[Result "1-0"]
[WhiteElo "2379"]
[BlackElo "2218"]

1.d4 Nf6 2.c4 e6 3.Nc3 Bb4 4.Qc2 O-O 5.e4 Bxc3+ 6.bxc3 d6 7.Bd3 e5 8.Ne2 Nc6
9.Rb1 b6 10.O-O Bg4 11.f3 Bh5 12.Bg5 h6 13.Bh4 g5 14.Bf2 Nd7 15.Ng3 Bg6 16.Nf5 Bxf5
17.exf5 Na5 18.c5 dxc5 19.Rfe1 Re8 20.Be4 Rb8 21.dxc5 Qe7 22.cxb6 axb6 23.h4 Nc4
24.Rb4 Nd6 25.Bc6 Red8 26.hxg5 hxg5 27.f4 gxf4 28.Rxf4 Qg5 29.Rf3 Kf8 30.Rh3 Qg8
31.Bh4 f6 32.Bxd7 Rxd7 33.Bxf6 Kf7 34.Bxe5 Nc4 35.Qe4 Nd2 36.Qc6  1-0

[Event "Open ch-SVK A"]
[Site "Banska Stiavnica SVK"]
[Date "2011.07.15"]
[Round "7"]
[White "Timoscenko,G"]
[Black "Petrik,T"]
[Result "0-1"]
[WhiteElo "2502"]
[BlackElo "2505"]

1.d4 Nf6 2.c4 e6 3.Nc3 Bb4 4.Qc2 O-O 5.a3 Bxc3+ 6.Qxc3 d5 7.Nf3 dxc4 8.Qxc4 b6
9.Bg5 Ba6 10.Qa4 c5 11.e3 Bxf1 12.Rxf1 Nbd7 13.Ke2 b5 14.Qd1 h6 15.Bxf6 Qxf6
16.Qd3 c4 17.Qe4 Nc5 18.Qe5 Qxe5 19.Nxe5 Nb3 20.Rad1 Rfd8 21.Nf3 Kf8 22.Nd2 Nxd2
23.Rxd2 Ke7 24.Rc1 a6 25.Rdc2 Kf6 26.Rc3 Rac8 27.a4 h5 28.axb5 axb5 29.b3 cxb3
30.Kd3 Rc4 31.Rb1 Rxc3+ 32.Kxc3 e5 33.Rxb3 exd4+ 34.exd4 Rc8+ 35.Kb4 Rc4+
36.Kxb5 Rxd4 37.Rf3+ Ke6 38.Kc5 Re4 39.Rd3 g6 40.g3 g5 41.Rd6+ Kf5 42.Rh6 Re2
43.h4 Rxf2 44.hxg5 Kxg5 45.Rh7 Rf5+ 46.Kd4 Kg4 47.Ke4 f6 48.Rh6 Re5+ 49.Kd4 Kxg3
50.Rxf6 Rg5 51.Ke3 h4 52.Rf3+ Kg2 53.Rf2+ Kg1 54.Ra2 Rf5 55.Ra4 h3 56.Rg4+ Kf1
57.Rh4 Ra5 58.Rh8 Ra3+ 59.Kf4 Kg2 60.Rb8 Rf3+  0-1

[Event "I Goi Mailako Centre GM"]
[Site "Donostia ESP"]
[Date "2011.07.15"]
[Round "4"]
[White "Flear,G"]
[Black "Argandona Riveiro,I"]
[Result "1/2-1/2"]
[WhiteElo "2483"]
[BlackElo "2388"]

1.d4 Nf6 2.c4 e6 3.Nc3 Bb4 4.Qc2 O-O 5.a3 Bxc3+ 6.Qxc3 b5 7.cxb5 c6 8.Qd3 d5
9.Bg5 cxb5 10.Nf3 a5 11.e3 Ba6 12.Be2 b4 13.Qd2 bxa3 14.Rxa3 Bxe2 15.Kxe2 Qb6
16.Bxf6 gxf6 17.Rc1 Nc6 18.Ne1 a4 19.Nd3 Na5 20.Qb4 Qxb4 21.Nxb4 Nc4 22.Ra2 Rfb8
23.Nd3 Rb3 24.Rc2 Rab8 25.Nc5 Rxb2  1/2-1/2

[Event "Oberwart Open"]
[Site "Oberwart AUT"]
[Date "2011.07.15"]
[Round "7"]
[White "Korn,An"]
[Black "Menezes,Chr"]
[Result "0-1"]
[WhiteElo "2024"]
[BlackElo "2200"]

1.d4 Nf6 2.c4 e6 3.Nc3 Bb4 4.Qc2 O-O 5.a3 Bxc3+ 6.Qxc3 Ne4 7.Qc2 f5 8.Nf3 b6
9.g3 Bb7 10.Bg2 Nf6 11.O-O Be4 12.Qc3 Qe8 13.b4 Qh5 14.Bf4 d6 15.c5 Nd5 16.Qd2 Rd8
17.cxd6 cxd6 18.Rac1 h6 19.h4 Nc6 20.Rfd1 Nce7 21.Nh2 Bxg2 22.Kxg2 Ng6 23.e3 Kh7
24.Nf3 Nf6 25.Qc2 Ne4 26.Qc7 Re8 27.Qb7 Reb8 28.Qa6 Ne7 29.Rc7 Nd5 30.Rxa7 Nc7
31.Rxa8 Nxa6 32.Rxa6 Qf7 33.Rc1 Qb7 34.Ra4 Nd2 35.Bxd6 Qxf3+ 36.Kg1 Rd8 37.Bc7 Ne4
38.Rf1 Rc8 39.Ra7 Rxc7 40.Rxc7 Nxg3 41.Rxg7+ Kxg7 42.fxg3 Qxg3+ 43.Kh1 Qh3+
44.Kg1 Qxe3+  0-1

[Event "Oberwart Open"]
[Site "Oberwart AUT"]
[Date "2011.07.15"]
[Round "7"]
[White "Handler,L"]
[Black "Diermair,A"]
[Result "1/2-1/2"]
[WhiteElo "2301"]
[BlackElo "2432"]

1.d4 Nf6 2.c4 e6 3.Nc3 Bb4 4.Qc2 O-O 5.a3 Bxc3+ 6.Qxc3 d5 7.Nf3 dxc4 8.Qxc4 b6
9.Bg5 Ba6 10.Qa4 c5 11.dxc5 bxc5 12.Rd1 Qb6 13.Rd2 Nc6 14.Qg4 Kh8 15.Qh4  1/2-1/2

[Event "15th Battle of Senta Open"]
[Site "Senta SRB"]
[Date "2011.07.16"]
[Round "1.1"]
[White "Pletl,A"]
[Black "Savic,Miod1"]
[Result "0-1"]
[WhiteElo "2244"]
[BlackElo "2520"]

1.d4 Nf6 2.c4 e6 3.Nc3 Bb4 4.Qc2 O-O 5.a3 Bxc3+ 6.Qxc3 Ne4 7.Qc2 f5 8.Nf3 b6
9.e3 Bb7 10.Be2 d6 11.b4 a5 12.Bb2 axb4 13.axb4 Rxa1+ 14.Bxa1 Nc6 15.Qb3 Ne7
16.O-O Qe8 17.Rd1 Qf7 18.Ne1 h5 19.Nd3 h4 20.f3 Nf6 21.Bc3 Nh5 22.Nf4 Nxf4
23.exf4 b5 24.d5 Kh7 25.dxe6 Qxe6 26.Re1 Qe3+ 27.Kh1 Ng6 28.Bf1 Qxf4 29.h3 bxc4
30.Qxc4 Qxc4 31.Bxc4 Bc8 32.Bb5 Bb7 33.Kg1 Bd5 34.Be2 c6 35.b5 cxb5 36.Bxb5 Rc8
37.Bd2 Rc5 38.Bd7 Bc6 39.Be6 Rb5 40.Rc1 Re5 41.Bxf5 Rxf5 42.Rxc6 Rd5 43.Be3 Rd1+
44.Kf2 Ne7 45.Rc4 Nf5 46.Bg5 Kg6 47.Bxh4 Rd2+ 48.Ke1 Rxg2 49.Bf2 Rh2 50.h4 Rh1+
51.Ke2 Kf6 52.Rb4 Ke5 53.Re4+ Kf6 54.Rg4 g6 55.Be3 Rb1 56.Bg5+ Ke6 57.Bd2 Kf7
58.Rf4 Rh1 59.Be1 d5 60.Bf2 Kf6 61.Bd4+ Ke6 62.Bf2 Ra1 63.Rg4 Ra2+ 64.Ke1 Kf6
65.Bd4+ Kf7 66.Bf2 Ng7 67.Rg5 Ra1+ 68.Ke2 Ra2+ 69.Ke1 Ra4 70.Ke2 Ne6 71.Rg4 Ra2+
72.Ke1 Kf6 73.Bd4+ Kf5 74.Be3 Rb2 75.Kf1 Rc2 76.Ke1 Rh2 77.Kf1 Rb2 78.Ke1 Rc2
79.Kf1 Rc4 80.Rxc4 dxc4 81.Ke2 Nf4+ 82.Kd2 Ke5 83.Kc2 Nd5 84.Bg5 Kd4 85.Bd2 Ne3+
86.Kc1 Kd3 87.Ba5 Nf5 88.Bd8 Nd4 89.Bg5 c3 90.Kb1 Nxf3 91.Bf6 Kd2  0-1

[Event "16th Balaguer Open"]
[Site "Balaguer ESP"]
[Date "2011.07.19"]
[Round "3"]
[White "Hernandez Carmenates,Hold"]
[Black "Guerra Mendez,J"]
[Result "1/2-1/2"]
[WhiteElo "2570"]
[BlackElo "2450"]

1.d4 Nf6 2.c4 e6 3.Nc3 Bb4 4.Qc2 O-O 5.e4 d5 6.e5 Ne4 7.Bd3 c5 8.Ne2 cxd4
9.Nxd4 Nd7 10.Bf4 Ndc5 11.O-O Nxd3 12.Qxd3 Bxc3 13.bxc3 b6 14.cxd5 exd5 15.Rfd1 Qd7
16.Ne2 Rd8 17.f3 Nc5 18.Qe3 Ba6 19.Ng3 Qe6 20.Rd4 Re8 21.Nh5 f6 22.Re1 Nd7
23.Bh6 Qxe5 24.Qxe5 Nxe5 25.Re3 Ng6 26.Rxe8+ Rxe8 27.Nxg7 Re1+ 28.Kf2 Re2+
29.Kg3 Rxa2 30.Rxd5 Bf1 31.Rd8+ Kf7 32.Rd7+ Kg8 33.Rd8+ Kf7 34.Rd7+ Kg8  1/2-1/2

[Event "I Goi Mailako Centre GM"]
[Site "Donostia ESP"]
[Date "2011.07.19"]
[Round "9"]
[White "Flear,G"]
[Black "Franco Alonso,A"]
[Result "0-1"]
[WhiteElo "2483"]
[BlackElo "2452"]

1.d4 Nf6 2.c4 e6 3.Nc3 Bb4 4.Qc2 O-O 5.a3 Bxc3+ 6.Qxc3 d5 7.Nf3 dxc4 8.Qxc4 b6
9.Bf4 Ba6 10.Qxc7 Qd5 11.Qc2 Rc8 12.Qd1 Nc6 13.e3 Bxf1 14.Kxf1 Na5 15.Ne1 Nb3
16.Rb1 Ne4 17.Nf3 f6 18.h4 Rc6 19.Kg1 Rac8 20.Qd3 Rc2 21.Bg3 Nc1 22.Rxc1 Rxc1+
23.Kh2 Rxh1+ 24.Kxh1 h5 25.Kh2 Rc1 26.b4 b5 27.Nd2 Nxd2 28.Qxd2 Qc4 29.e4 Qf1
30.Bb8 Rd1 31.Qc2 Rc1 32.Qd2 Qh1+ 33.Kg3 Rg1 34.f3 g5 35.hxg5 h4+ 36.Kf4 Rxg2
37.Qc3 Qh2+ 38.Ke3 Qg1+ 39.Kd3 Qd1+ 40.Ke3 Rc2  0-1

[Event "34th Taminco Open"]
[Site "Ghent BEL"]
[Date "2011.07.19"]
[Round "7.3"]
[White "De Jong,JW"]
[Black "Larmuseau,Ma"]
[Result "1-0"]
[WhiteElo "2424"]
[BlackElo "2222"]

1.d4 Nf6 2.c4 e6 3.Nc3 Bb4 4.Qc2 O-O 5.a3 Bxc3+ 6.Qxc3 b6 7.Bg5 Ba6 8.Qf3 Nc6
9.Bxf6 Qxf6 10.Qxf6 gxf6 11.e3 Rfc8 12.Nh3 Na5 13.Rc1 c5 14.d5 Rab8 15.Nf4 Kf8
16.a4 Ke7 17.Be2 Nb7 18.f3 Nd6 19.Kf2 Rg8 20.g4 f5 21.h3 Rbf8 22.b3 Bb7 23.Bd3 e5
24.Nh5 e4 25.fxe4 fxe4 26.Be2 f5 27.Nf4 a5 28.Rcg1 Bc8 29.gxf5 Nxf5 30.Rxg8 Rxg8
31.Bg4 d6 32.Bxf5 Bxf5 33.Rg1 Rxg1 34.Kxg1 Kf6 35.Kg2 Bg6 36.Kg3 Bf7 37.Kg4 h6
38.Ne2 Ke5 39.Nc3 Be8 40.Nb5 Bd7+ 41.Kh4 Bc8 42.Nc7 Bb7 43.Kh5 Kf6 44.Nb5 Bc8
45.h4 Kg7 46.Nxd6 Bh3 47.Nxe4 Bg2 48.Nd2 Bh3 49.e4 Bd7 50.e5 Bf5 51.e6 Bg6+
52.Kg4 Kf6 53.Kf4 Bc2 54.Ne4+ Ke7 55.Ke5 Bxb3 56.d6+ Kf8 57.d7 Ke7 58.Nd6 Bxa4
59.Nc8+ Kd8 60.Kd6 Bxd7 61.exd7 a4 62.Na7  1-0

[Event "2nd Vaujany Open A"]
[Site "Vaujany FRA"]
[Date "2011.07.19"]
[Round "6.6"]
[White "Juhasz,Kr"]
[Black "Horvath,Jo1"]
[Result "1/2-1/2"]
[WhiteElo "2334"]
[BlackElo "2535"]

1.d4 Nf6 2.c4 e6 3.Nc3 Bb4 4.Qc2 O-O 5.a3 Bxc3+ 6.Qxc3 d5 7.Nf3 dxc4 8.Qxc4 b6
9.Bg5 Bb7 10.Rc1 c5 11.dxc5 h6 12.Bf4 Bd5 13.Qc2 Nbd7 14.c6 Rc8 15.c7 Qe7
16.e3 e5 17.Bg3 Ne8 18.Qf5 g6 19.Qb1 Bxf3 20.gxf3 f5 21.Bb5 Ndf6 22.O-O Nxc7
23.Bc4+ Kh7 24.Ba2 Nb5 25.Rxc8 Rxc8 26.Rc1 Rxc1+ 27.Qxc1 g5 28.h4 Nd6 29.hxg5 hxg5
30.Bh2 f4 31.Qc6  1/2-1/2

[Event "Czech Open G Rapid"]
[Site "Pardubice CZE"]
[Date "2011.07.20"]
[Round "3.9"]
[White "Romanko,M"]
[Black "Friedel,J"]
[Result "0-1"]
[WhiteElo "2402"]
[BlackElo "2531"]

1.d4 Nf6 2.c4 e6 3.Nc3 Bb4 4.Qc2 O-O 5.a3 Bxc3+ 6.Qxc3 d6 7.f3 d5 8.Bg5 c5
9.dxc5 d4 10.Qc2 e5 11.e3 Nc6 12.Bd3 h6 13.Bxf6 Qxf6 14.exd4 Nxd4 15.Qf2 Bf5
16.O-O-O Rad8 17.Ne2 Nb3+ 18.Kc2 Bxd3+ 19.Kxb3 e4 20.Nc1 Rd4 21.Nxd3 exd3
22.Rd2 Rfd8 23.Rc1 Qe5 24.Ka2 a5 25.Rc3 a4 26.g3 Qe6 27.b3 axb3+ 28.Kxb3 Qe5
29.Qf1 Qe3 30.Qd1 g6 31.Kb2 h5 32.f4 Kg7 33.Rb3 Qe4 34.Ka2 Qe6 35.Qa1 Kh7
36.Qd1 Qxc4 37.f5 Qd5 38.fxg6+ fxg6 39.Qb1 Rd7 40.Qb2 Re7 41.Ka1 Re1+ 42.Ka2 Re2
43.a4 Rxa4+  0-1

[Event "Najdorf Memorial"]
[Site "Warsaw POL"]
[Date "2011.07.20"]
[Round "7.31"]
[White "Lewtak,Da"]
[Black "Hoffmann,Pau"]
[Result "1/2-1/2"]
[WhiteElo "2093"]
[BlackElo "2329"]

1.d4 Nf6 2.c4 e6 3.Nc3 Bb4 4.Qc2 O-O 5.Nf3 b6 6.g3 Bb7 7.Bg2 Be4 8.Qb3 Nc6
9.O-O Bxc3 10.Qxc3 a5 11.Bg5 h6 12.Bxf6 Qxf6 13.Rfd1 Rad8 14.Ne5 Bxg2 15.Kxg2 Ne7
16.Qf3 Qxf3+ 17.Nxf3 d6 18.b3 f5 19.h4 Kf7 20.Re1 Ng8 21.e4 fxe4 22.Rxe4 Nf6
23.Re2 Nd7 24.Ne1 c5 25.f4 cxd4 26.Nf3 d3 27.Rd2 Nc5 28.Rad1 Ke7 29.Ne1 d5
30.Nxd3 Nxd3 31.Rxd3 dxc4 32.bxc4 Rxd3 33.Rxd3 Rc8 34.Rd4 h5 35.Kf3 Kf6 36.g4 hxg4+
37.Kxg4 g6 38.Re4 Rd8 39.Re5 Rc8 40.Re4 Rd8 41.Re5 Rd4 42.c5 bxc5 43.Rxc5 Rd5
44.Rc4 Rb5 45.Re4 Rb2 46.Ra4 Rb5 47.Re4 Rb2  1/2-1/2

[Event "Czech Open G Rapid"]
[Site "Pardubice CZE"]
[Date "2011.07.21"]
[Round "4.13"]
[White "Soloviova,L"]
[Black "Lalic,B"]
[Result "0-1"]
[WhiteElo "2330"]
[BlackElo "2470"]

1.d4 Nf6 2.c4 e6 3.Nc3 Bb4 4.Qc2 O-O 5.Nf3 c5 6.a3 Bxc3+ 7.bxc3 d6 8.e4 e5
9.d5 h6 10.Bd3 Nh7 11.h3 Nd7 12.g4 Qf6 13.Ke2 Nb6 14.Be3 Bd7 15.Rag1 Na4
16.h4 Qe7 17.h5 f6 18.Nh4 Rfb8 19.Nf5 Qf8 20.Qd2 b5 21.Rb1 a6 22.f4 Bxf5
23.gxf5 exf4 24.Bxf4 Ng5 25.Bxg5 fxg5 26.cxb5 Qf6 27.Rhc1 c4 28.Bxc4 Nc5
29.Bd3 axb5 30.Rxb5 Rxb5 31.Bxb5 Nxe4 32.Qe3 Qxf5 33.a4 Rf8 34.Kd1 Qxd5+
35.Qd4 Nxc3+  0-1

[Event "15th Battle of Senta Open"]
[Site "Senta SRB"]
[Date "2011.07.22"]
[Round "8.3"]
[White "Saric,S"]
[Black "Radusinovic,L"]
[Result "1-0"]
[WhiteElo "2472"]
[BlackElo "2283"]

1.d4 Nf6 2.c4 e6 3.Nc3 Bb4 4.Qc2 O-O 5.e4 d5 6.e5 Ne4 7.Bd3 c5 8.Nf3 cxd4
9.Nxd4 Nd7 10.Bf4 Ndc5 11.O-O Bxc3 12.bxc3 Nxd3 13.Qxd3 b6 14.cxd5 Qxd5 15.Rfd1 Bb7
16.c4 Qa5 17.Nb5 Bc6 18.a4 Rac8 19.h4 Ba8 20.f3 Nc5 21.Qc2 Bc6 22.Bd2 Qa6
23.Nd6 Bxa4 24.Qc3 Rc6 25.Be3 Nb3 26.Qb4 Nxa1 27.Rxa1 Rxd6 28.exd6 b5 29.cxb5 Qxb5
30.Rxa4  1-0

[Event "16th Balaguer Open"]
[Site "Balaguer ESP"]
[Date "2011.07.23"]
[Round "7"]
[White "Oms Pallisse,J"]
[Black "Guerra Mendez,J"]
[Result "1/2-1/2"]
[WhiteElo "2489"]
[BlackElo "2450"]

1.d4 Nf6 2.c4 e6 3.Nc3 Bb4 4.Qc2 O-O 5.a3 Bxc3+ 6.Qxc3 b6 7.Bg5 Bb7 8.f3 h6
9.Bh4 d5 10.e3 Nbd7 11.cxd5 Nxd5 12.Bxd8 Nxc3 13.Bh4 Nd5 14.Bf2 f5 15.Bb5 c6
16.Bd3 c5 17.Ne2 Rac8 18.Bb5 N7f6 19.dxc5 Rxc5 20.Bd3 Rcc8 21.O-O Rfd8 22.Rfd1 Kf7
23.h3 g6 24.e4 Nc7 25.Nc3 Rd7 26.Bc2 Rcd8 27.Rxd7+ Rxd7 28.Be3 fxe4 29.fxe4 g5
30.h4 Ng4 31.Rf1+ Kg7 32.Bc1 Ba6 33.Rd1 Rf7 34.hxg5 hxg5 35.Bxg5 Rf2 36.Rc1 Nb5
37.Nxb5 Bxb5 38.Bh4 Rd2 39.Be1 Re2 40.Bc3+ e5 41.Bd1 Rxe4 42.Bf3 Rf4 43.Re1 Kf6
44.Bxg4 Rxg4 45.Rxe5 Bd7 46.Ra5+ Ke6 47.Rxa7 Bc6 48.Rg7 Rxg7 49.Bxg7 Kf5
50.Kf2 Ke4 51.Bf8 Bd7 52.Bd6 b5 53.Kg3 Ke3 54.Bc5+ Ke4 55.Kf2 Bg4 56.Bd6 Bh5
57.Bb4 Bg4 58.Ke1 Kd3 59.Be7 Bh5 60.Bf6 Bg4 61.Kf2 Ke4 62.Kg3 Bd1 63.Bh8 Be2
64.Kh4 Kf5 65.b3 Bd1 66.a4 bxa4 67.b4 a3 68.Kg3 Ke4 69.Kf2 Bg4 70.Ke1 Kd5
71.Kd2 Kc4 72.Bc3 a2 73.Kc2 a1=Q 74.Bxa1  1/2-1/2

[Event "ch-AUT"]
[Site "Linz AUT"]
[Date "2011.07.23"]
[Round "1"]
[White "Niederwieser,P"]
[Black "Neubauer,M"]
[Result "0-1"]
[WhiteElo "2188"]
[BlackElo "2431"]

1.d4 Nf6 2.c4 e6 3.Nc3 Bb4 4.Qc2 O-O 5.a3 Bxc3+ 6.Qxc3 d5 7.Bg5 h6 8.Bxf6 Qxf6
9.Nf3 dxc4 10.Qxc4 Nc6 11.e3 e5 12.d5 e4 13.Nd2 Ne7 14.Nxe4 Qxb2 15.Qc3 Qb6
16.Bc4 Rd8 17.Rd1 c6 18.d6 Nd5 19.Qd4 Bg4 20.Ra1 Qxd4 21.exd4 Re8 22.O-O Rxe4
23.Bxd5 Rxd4 24.Bb3 Rxd6 25.Rfe1 Kf8 26.Re4 Bf5 27.Re5 Bd7 28.Rae1 Re8  0-1

[Event "4th Paleohora Open"]
[Site "Paleochora GRE"]
[Date "2011.07.24"]
[Round "6"]
[White "Raeva,E"]
[Black "Megalios,K"]
[Result "1-0"]
[WhiteElo "2324"]
[BlackElo "2008"]

1.d4 Nf6 2.c4 e6 3.Nc3 Bb4 4.Qc2 O-O 5.a3 Bxc3+ 6.Qxc3 Ne4 7.Qc2 f5 8.Nh3 d6
9.f3 Nf6 10.e3 e5 11.dxe5 dxe5 12.Nf2 a5 13.Bd2 Qe7 14.Bd3 e4 15.Be2 b6 16.f4 a4
17.Bb4 c5 18.Bc3 Nc6 19.O-O-O Be6 20.h3 b5 21.cxb5 Bb3 22.Qd2 Rfd8 23.Qe1 Bxd1
24.Nxd1 Nd4 25.Bc4+ Kh8 26.g4 Nf3 27.Qg3 Nd5 28.Bxd5 Rxd5 29.gxf5 Rxf5 30.Nf2 Rf7
31.h4 Qe6 32.h5 Kg8 33.Rd1 h6 34.Ng4 Kf8 35.Nf2 Re8 36.Qg6 Rb7 37.Qh7 Rf7
38.f5 Qxf5 39.Bxg7+ Ke7 40.Qxh6 Rd8 41.Rxd8 Kxd8 42.Qd6+ Kc8 43.h6 Ne1 44.Qc6+ Kd8
45.Qxe4 Qg5 46.h7 Qxg7 47.h8=Q+ Qxh8 48.Qa8+ Kd7 49.Qxh8 Rxf2 50.Qh7+  1-0

[Event "Tabor Open"]
[Site "Tabor CZE"]
[Date "2011.08.01"]
[Round "3.7"]
[White "Sodoma,J"]
[Black "Havranek,Mir"]
[Result "1-0"]
[WhiteElo "2365"]
[BlackElo "2178"]

1.d4 Nf6 2.c4 e6 3.Nc3 Bb4 4.Qc2 O-O 5.Nf3 d5 6.cxd5 exd5 7.Bg5 h6 8.Bh4 c6
9.e3 Nbd7 10.Bd3 Qa5 11.O-O Re8 12.a3 Bxc3 13.bxc3 Ne4 14.Rfc1 Nf8 15.Ne5 f6
16.Nc4 Qd8 17.Nd2 Nxd2 18.Qxd2 Be6 19.a4 Qd7 20.Qc2 Bf7 21.Rab1 b6 22.c4 Rac8
23.c5 bxc5 24.Qxc5 Bg6 25.Bxg6 Nxg6 26.Bg3 Ne7 27.a5 Nf5 28.Bf4 g5 29.Bg3 h5
30.a6 h4 31.Rb7 Qe6 32.Bc7 Qe4 33.h3 Nxe3 34.fxe3 Qxe3+ 35.Kh1 g4 36.Qc2 Re4
37.Bh2 f5 38.Be5 c5 39.Rf1 Qg5 40.Rg7+ Qxg7 41.Bxg7 Kxg7 42.dxc5 g3 43.Qd2 Rxc5
44.Qg5+ Kf7 45.Qxf5+  1-0